01194nam a2200301Ia 4500001001200000003000800012006001900020007001500039008004100054020003200095020001500127040002100142035002100163050002300184082001900207245006500226260007900291300001600370533015200386650003300538650003100571651005200602651005000654655002900704710001600733710001700749856012600766ebr10085122CaPaEBRm u cr cn|||||||||050809s2005 dcu fss 000 0 eng d z0821360795 (electronic bk.) z0821360787 aCaPaEBRcCaPaEBR a(OCoLC)56001915914aHC800b.A39 2005eb04a330.96002122200aAfrican development indicators, 2005h[electronic resource]. aWashington, D.C. :bWorld Bank ;aLondon :bEurospan [distributor],c2005. axxx, 404 p. aElectronic reproduction.bPalo Alto, Calif. :cebrary,d2009.nAvailable via World Wide Web.nAccess may be limited to ebrary affiliated libraries. 0aEconomic indicatorszAfrica. 0aSocial indicatorszAfrica. 0aAfricaxEconomic conditionsy1960-vStatistics. 0aAfricaxSocial conditionsy1960-vStatistics. 7aElectronic books.2local2 aWorld Bank.2 aebrary, Inc.40uhttp://site.ebrary.com/lib/rucke/Doc?id=10085122zAn electronic book accessible through the World Wide Web; click to view